000 00404nas a2200157 a 4500
001 68550
003 141950
005 20201118110538.0
008 ||||||n9999 ||| || ||
041 _aspa
245 0 _aBeijing Informa - No.08-07
260 _aChina :
_bCorporacion China de Comercio Internacional del Libro,
_c1991.
562 _e0
773 _017606
_aBeijing Informa :
942 _cSISS
999 _c68550
_d68550